000 01999nam a2200313 i 4500
001 768714001
003 CO-MdFUSB
005 20240802151530.0
007 ta
008 220121t2013 ec |||| |||| 00| 0 spa d
020 _a9789942133380
040 _aCO-MdFUSB
_bspa
_cCO-MdFUSB
_dCO-MdFUSBC
_erda
041 _aspa
082 _223
_a261
_bM296
100 _aManzo Montesdeoca, Ángel,
_eautor
245 1 _aTeología apasionada por la vida :
_bconversaciones provocadoras con nuestro pueblo.
_c/ Ángel Manzo Montesdeoca ; prólogo por René Padilla
264 0 _aGuayaquil, Ecuador :
_bVisión Mundial,
_c[2013]
300 _a165 páginas
_c; 21 cm
336 _2rdacontent
_atexto
_btxt
337 _2rdamedia
_asin mediación
_bn
338 _2rdacarrier
_avolumen
_bnc
505 _aServicio: ¿para qué le sirve al pueblo la teología? -- Cultura: hagamos teología ecuatoriana. -- Devoción: teologizar con María. -- Biblia: preguntas y sospechas. -- Espiritualidad: una mujer luchadora. -- Feminismo: Mérida, una joven valiente. -- Liderazgo: metáfora de dos poderes. -- Ciudadanía: Metro-teología. -- Amor: todo se resume en cuidado.
520 _a"Este no es un libro para seguir en lo mismo, mantenerse en las mismas ideas, y seguir con lo establecido por la mayoría. Es un libro para provocarte,proponerte otras maneras de ver e interpretar la vida y la realidad desde la fe. La gente busca cambios, pero por los mismos caminos. Por los mismos caminos se llega a lo mismo. Si no cambia nuestra manera de pensar y las rutas que seguimos, no cambiará nuestra manera de vivir y recrear el mundo." Para educadores, estudiantes universitarios, profesionales de diversas disciplinas, docentes teológicos, agentes de pastoral, religiosos, líderes eclesiales; y para toda persona comprometida con el cambio en el siglo XXI.
563 _aRústico
653 _aTeología social
700 1 _9775
_aPadilla, C. René
_d1932-
_eprologuista
942 _cBK
945 _aJTF-925
999 _c67112
_d67112